| 000 | 00989nam a2200289Ia 4500 | ||
|---|---|---|---|
| 001 | Para_6291 | ||
| 003 | CHAP | ||
| 008 | 220125s1984 xx 000 0 und d | ||
| 010 | _a203642 | ||
| 040 | _cCHAP | ||
| 090 | _aPA FOLLETO 386 | ||
| 100 |
_aCastillo M., Alberto _9169516 |
||
| 245 |
_aLas hipótesis de la localización para el caso de dos clases ordenadas / _c por Alerto Castillo M. |
||
| 260 |
_aChapingo, Méx. : _b CP. Centro de Estadística y Cálculo |
||
| 300 | _a15 p. | ||
| 440 |
_aComunicaciones en estadística y cómputo V.3; 3 _9169517 |
||
| 650 |
_aEstadística . problemas, ejercicios, etc. _9169518 |
||
| 650 |
_aEstadística _x estudio y enseñanza _938249 |
||
| 710 |
_aColegio de Postgraduados (Chapingo, Méx.). Centro de Estadística y Cálculo _925078 |
||
| 901 | _aPA FOLLETO 386 | ||
| 902 | _aA | ||
| 905 | _a0000001984 0000000000 00 | ||
| 910 | _a1984 | ||
| 942 | _cPARA | ||
| 942 |
_cPARA _d1 |
||
| 999 |
_c203642 _d203642 |
||